Uniwersalny slownik : Hiszpansko - polski, polsko - hiszpanski
Zapisane w:
| Format: | Książka |
|---|---|
| Język: | Undetermined |
| Wydane: |
Poznan, Polonia
Wydawnictwo Lektorklett
2005
|
| Hasła przedmiotowe: | |
| Etykiety: |
Dodaj etykietę
Nie ma etykietki, Dołącz pierwszą etykiete!
|
MARC
| LEADER | 00000nam a2200000Ia 4500 | ||
|---|---|---|---|
| 008 | 170316s9999 xx 000 0 und d | ||
| 245 | |a Uniwersalny slownik : Hiszpansko - polski, polsko - hiszpanski | ||
| 260 | |a Poznan, Polonia | ||
| 260 | |b Wydawnictwo Lektorklett | ||
| 260 | |c 2005 | ||
| 300 | |a 504 páginas | ||
| 650 | |a REFERENCIA | ||
| 650 | |a DICCIONARIO DE ESPAÑOL POLACO Y POLACO ESPAÑOL | ||
| 999 | |c 30302 |d 30302 | ||
| 040 | |a cru BVZT | ||
| 942 | |c 15 D |2 z | ||
